| 000 | 01194cam a2200193 4500 | ||
|---|---|---|---|
| 001 | WB@3612-116 | ||
| 008 | 040903n2004 000 0 eng u | ||
| 035 | _a(Sirsi) u127265 | ||
| 245 | _aRed tape buster | ||
| 260 | _c2004 | ||
| 490 |
_aLexisNexis Press Release _v20 August 2004 |
||
| 520 | _aAccording to new research commissioned by LexisNexis, small businesses are losing 12 working weeks a year to red tape. The report, "Small business monitor: survey results: summer 2004", found that owner-managers of small firms (typically employing three or less people), are having to spend an average of almost 460 hours a year - equivalent to 61 working days - dealing with administration on official regulations, legislation and tax. Due to problems such as these, many small businesses cited red tape as the reason why they would not recommend someone to start their own business. A summary of the report and a link to the full one can be found at: http://ukredtapebuster.com/dl/RTB-cut-down.pdf. http://www.lexisnexis.co.uk/index.htm | ||
| 590 | _aWB | ||
| 590 | _aWB | ||
| 650 | _aSMALL BUSINESSES | ||
| 650 | _aREGULATIONS | ||
| 690 |
_aBusiness and management _96226 |
||
| 942 | _n0 | ||
| 999 |
_c117956 _d117956 |
||